[Event "Novokuznetsk SFO-ch U19"]
[Site "Novokuznetsk"]
[Date "2014.11.05"]
[Round "4"]
[White "Lashkov, Andrey"]
[Black "Stupin, Sergey"]
[Result "1-0"]
[WhiteElo "1789"]
[BlackElo "1942"]
[PlyCount "129"]
[EventDate "2014.11.02"]
[EventType "swiss"]
[EventRounds "9"]
[EventCountry "RUS"]
[SourceTitle "CBM 163 Extra"]
[Source "ChessBase"]
[SourceDate "2014.12.23"]
[SourceVersion "1"]
[SourceVersionDate "2014.12.23"]
[SourceQuality "1"]

1. Nf3 d5 2. d4 Nf6 3. c4 e6 4. Nc3 Be7 5. Bf4 a6 6. e3 dxc4 7. Bxc4 b5 8. Bd3 Bb7 9. Rc1 0-0 10. 0-0 Nbd7 11. h3 c5 12. a3 Qb6 13. dxc5 Nxc5 14. Be2 Rfd8 15. Nd4 Nd5 16. Nxd5 Rxd5 17. Bf3 Rd7 18. Bxb7 Qxb7 19. Qg4 Nd3 20. Bh6 Bf6 21. Rc2 Ne5 22. Qg3 Ng6 23. Bg5 Bxd4 24. exd4 Rxd4 25. Rc7 Qd5 26. Be3 Rd1 27. Rxd1 Qxd1+ 28. Kh2 Rd8 29. Ra7 Qc2 30. Qf3 Ne5 31. Qf4 f6 32. Bd4 Nf7 33. Bc3 Qd3 34. Bb4 e5 35. Qg4 Qd4 36. Rxa6 Qxf2 37. Be7 f5 38. Rf6 Qa7 39. Qb4 Rd4 40. Bc5 Rxb4 41. Bxa7 Ra4 42. Re6 Ng5 43. Re7 e4 44. Be3 h6 45. h4 Nf7 46. Rb7 g5 47. hxg5 hxg5 48. g3 Ne5 49. Kg2 Rc4 50. Rxb5 Rc2+ 51. Kf1 Ng4 52. Bxg5 Nh2+ 53. Ke1 Nf3+ 54. Kd1 Rg2 55. Rb8+ Kf7 56. Bf4 Ke6 57. a4 Kd5 58. a5 Kc4 59. a6 Rg1+ 60. Ke2 Ra1 61. Ra8 Ra2 62. a7 Nd4+ 63. Ke3 Rxb2 64. Rc8+ Kd5 65. a8Q+ 1-0

[Event "Novokuznetsk SFO-ch U19"]
[Site "Novokuznetsk"]
[Date "2014.11.04"]
[Round "3"]
[White "Lashkov, Andrey"]
[Black "Tozhu, Kezhik"]
[Result "1-0"]
[WhiteElo "1789"]
[BlackElo "800"]
[PlyCount "106"]
[EventDate "2014.11.02"]
[EventType "swiss"]
[EventRounds "9"]
[EventCountry "RUS"]
[SourceTitle "CBM 163 Extra"]
[Source "ChessBase"]
[SourceDate "2014.12.23"]
[SourceVersion "1"]
[SourceVersionDate "2014.12.23"]
[SourceQuality "1"]

1. Nf3 Nf6 2. c4 g6 3. d4 Bg7 4. Nc3 d6 5. Bf4 0-0 6. h3 Nc6 7. e3 Re8 8. Be2 Bf5 9. Qb3 Na5 10. Qa3 Nc6 11. Rd1 a5 12. Bd3 Nb4 13. Bxf5 gxf5 14. Qb3 Qc8 15. Bh2 Ne4 16. a3 Nc6 17. Nxe4 fxe4 18. Nd2 f5 19. 0-0 e5 20. c5+ Kh8 21. d5 Ne7 22. Nc4 Rd8 23. cxd6 Ng6 24. Rc1 Ra6 25. dxc7 Qxc7 26. d6 Qf7 27. Qb5 Qd7 28. Qd5 Ne7 29. Qf7 Nc6 30. Qd5 Ne7 31. Nxe5 Nxd5 32. Nxd7 Bxb2 33. Rcd1 Nc3 34. Be5+ Kg8 35. Bxc3 Bxc3 36. Nc5 Rb6 37. d7 Bf6 38. Rd5 Be7 39. Rxf5 Rb5 40. Re5 Kf7 41. Nd3 Rb3 42. Nf4 Rxd7 43. Rf5+ Ke8 44. Rxa5 Rxa3 45. Re5 Ra4 46. Rc1 Kf7 47. Rf5+ Kg7 48. Nh5+ Kg6 49. g4 Rb4 50. Rc8 Rb1+ 51. Kg2 Rdd1 52. Rg8+ Kh6 53. Ng3 Rd6 1-0

[Event "Abakan Khakassia-ch"]
[Site "Abakan"]
[Date "2014.02.22"]
[Round "1"]
[White "Lashkov, Andrey"]
[Black "Tikhomirov, Alexey"]
[Result "0-1"]
[WhiteElo "2004"]
[BlackElo "2258"]
[PlyCount "56"]
[EventDate "2014.02.22"]
[EventType "swiss"]
[EventRounds "9"]
[EventCountry "RUS"]
[SourceTitle "CBM 159 Extra"]
[Source "ChessBase"]
[SourceDate "2014.04.24"]
[SourceVersion "1"]
[SourceVersionDate "2014.04.24"]
[SourceQuality "1"]

1. Nf3 d5 2. d4 e6 3. c4 Nf6 4. Nc3 Bb4 5. Bg5 h6 6. Bh4 g5 7. Bg3 Ne4 8. Rc1 Nc6 9. e3 0-0 10. Bd3 Bxc3+ 11. bxc3 Nxg3 12. hxg3 Kg7 13. Nd2 f5 14. Qh5 Qf6 15. cxd5 exd5 16. c4 Be6 17. Nb3 Nb4 18. Bb1 dxc4 19. a3 Nd5 20. Rxc4 Nxe3 21. Rxc7+ Rf7 22. Rxf7+ Bxf7 23. Qf3 g4 24. Qxb7 Re8 25. Nc5 Qxd4 26. Nd3 Nc4+ 27. Kf1 Re6 28. Qc7 Nd2+ 0-1

[Event "Abakan op"]
[Site "Abakan"]
[Date "2013.12.05"]
[Round "6"]
[White "Malezkey, Vladimir"]
[Black "Lashkov, Andrey"]
[Result "1-0"]
[WhiteElo "2066"]
[BlackElo "2005"]
[PlyCount "89"]
[EventDate "2013.11.30"]
[EventType "swiss"]
[EventRounds "9"]
[EventCountry "RUS"]
[SourceTitle "EXT 2015"]
[Source "ChessBase"]
[SourceDate "2014.11.20"]
[SourceVersion "1"]
[SourceVersionDate "2014.11.20"]
[SourceQuality "1"]

1. d4 Nf6 2. Nf3 d5 3. e3 c6 4. Bd3 Bg4 5. Nbd2 Nbd7 6. h3 Bh5 7. g4 Bg6 8. Bxg6 hxg6 9. Ne5 e6 10. c3 Bd6 11. f4 Qc7 12. Qf3 Nb6 13. g5 Ng8 14. h4 Ne7 15. h5 Bxe5 16. fxe5 Nf5 17. e4 dxe4 18. Nxe4 0-0-0 19. Bd2 Nc4 20. 0-0-0 Qa5 21. Kb1 Qb5 22. b3 a5 23. Ka1 Nxd2 24. Nxd2 c5 25. Nc4 Rxh5 26. Rxh5 gxh5 27. d5 a4 28. dxe6 fxe6 29. Rxd8+ Kxd8 30. Qxh5 axb3 31. Qd1+ Ke7 32. axb3 Qa6+ 33. Kb2 Qc6 34. Qg1 b5 35. Na3 Nh4 36. Nc2 Qd5 37. Qg4 Nf3 38. g6 Kd7 39. Qf4 Nxe5 40. Qf8 Nd3+ 41. Ka2 Qe5 42. Qf7+ Kc6 43. Qe8+ Kb6 44. Qd8+ Kc6 45. Qxd3 1-0

[Event "Abakan op"]
[Site "Abakan"]
[Date "2013.12.03"]
[Round "4"]
[White "Lashkov, Andrey"]
[Black "Chaptykov, Tahir"]
[Result "1-0"]
[WhiteElo "2005"]
[BlackElo "2068"]
[PlyCount "37"]
[EventDate "2013.11.30"]
[EventType "swiss"]
[EventRounds "9"]
[EventCountry "RUS"]
[SourceTitle "EXT 2015"]
[Source "ChessBase"]
[SourceDate "2014.11.20"]
[SourceVersion "1"]
[SourceVersionDate "2014.11.20"]
[SourceQuality "1"]

1. Nf3 Nf6 2. d4 g6 3. c4 c5 4. d5 d6 5. Nc3 Bg7 6. e4 0-0 7. h3 Na6 8. Be3 h6 9. Qd2 Kh7 10. Be2 Nc7 11. Rb1 Bd7 12. a3 Nfe8 13. 0-0 e5 14. dxe6 fxe6 15. Rfd1 Qe7 16. Bxc5 dxc5 17. Qxd7 Qf6 18. e5 Qf4 19. Qe7 1-0

[Event "Abakan op"]
[Site "Abakan"]
[Date "2013.11.30"]
[Round "1"]
[White "Sambursky, Vladimir"]
[Black "Lashkov, Andrey"]
[Result "1-0"]
[WhiteElo "2242"]
[BlackElo "2005"]
[PlyCount "81"]
[EventDate "2013.11.30"]
[EventType "swiss"]
[EventRounds "9"]
[EventCountry "RUS"]
[SourceTitle "EXT 2015"]
[Source "ChessBase"]
[SourceDate "2014.11.20"]
[SourceVersion "1"]
[SourceVersionDate "2014.11.20"]
[SourceQuality "1"]

1. e4 c6 2. Nf3 d5 3. Nc3 d4 4. Ne2 c5 5. c3 Nc6 6. cxd4 cxd4 7. Qa4 Bd7 8. Nexd4 Nf6 9. Nb5 e5 10. Nc3 Bc5 11. h3 Qb6 12. d4 Bxd4 13. Qc2 0-0 14. Bc4 Rac8 15. 0-0 Na5 16. Bd3 Nc4 17. Bxc4 Rxc4 18. Qd3 Rfc8 19. Nxd4 Rxd4 20. Qf3 Qd6 21. Be3 Rd3 22. Rfd1 Bc6 23. Rxd3 Qxd3 24. Rd1 Qc4 25. Nd5 Bxd5 26. exd5 Rd8 27. Bg5 e4 28. Qg3 Kf8 29. Qa3+ Ke8 30. Qxa7 h6 31. Bxf6 gxf6 32. Qxb7 Qc2 33. Qb5+ Kf8 34. Qb4+ Kg7 35. Qd4 Rd6 36. Re1 Qc7 37. b4 Qb7 38. Rd1 Qe7 39. a4 Qb7 40. Qxe4 Qd7 41. Qg4+ 1-0

[Event "Abakan Sayany op"]
[Site "Abakan"]
[Date "2013.08.06"]
[Round "5"]
[White "Buzykaev, Vladimir Alekseevic"]
[Black "Lashkov, Andrey"]
[Result "0-1"]
[WhiteElo "1964"]
[BlackElo "1789"]
[PlyCount "98"]
[EventDate "2013.08.02"]
[EventType "swiss"]
[EventRounds "9"]
[EventCountry "RUS"]
[SourceTitle "CBM 155 Extra"]
[Source "ChessBase"]
[SourceDate "2013.08.26"]
[SourceVersion "1"]
[SourceVersionDate "2013.08.26"]
[SourceQuality "1"]

1. b4 d5 2. Bb2 Nf6 3. b5 c6 4. a4 Bd7 5. e3 e6 6. g4 h6 7. h4 Qc7 8. f4 Ne4 9. Rh3 f6 10. d3 Qa5+ 11. Ke2 Nd6 12. Nc3 Qc7 13. Bg2 cxb5 14. axb5 Nxb5 15. Nxb5 Bxb5 16. Qb1 Bd7 17. f5 Nc6 18. e4 dxe4 19. dxe4 Be7 20. Qa2 Nb4 21. Qb3 Bb5+ 22. Kf3 exf5 23. gxf5 a6 24. Ne2 Bc4 25. Qc3 Nc6 26. Bf1 Ne5+ 27. Kg2 Qc6 28. Ng3 Rc8 29. Bxc4 Nxc4 30. Bc1 Bd6 31. Qf3 Ne5 32. Qh5+ Ke7 33. Ra2 Qc4 34. Rb2 b5 35. Qe2 Qa4 36. Bf4 Rc4 37. Bxe5 Bxe5 38. Qg4 Rg8 39. c3 Rxc3 40. Re2 Qd1 41. Qh5 b4 42. Qg4 Re3 43. Kf2 Bxg3+ 44. Kxe3 Qb3+ 45. Kd4 Rd8+ 46. Kc5 Rc8+ 47. Kb6 Rb8+ 48. Ka7 Qg8 49. Rxg3 Ra8+ 0-1

[Event "Abakan Sayany op"]
[Site "Abakan"]
[Date "2013.08.05"]
[Round "4"]
[White "Lashkov, Andrey"]
[Black "Balahchin, Vladimir"]
[Result "1-0"]
[WhiteElo "1789"]
[BlackElo "1973"]
[PlyCount "61"]
[EventDate "2013.08.02"]
[EventType "swiss"]
[EventRounds "9"]
[EventCountry "RUS"]
[SourceTitle "CBM 155 Extra"]
[Source "ChessBase"]
[SourceDate "2013.08.26"]
[SourceVersion "1"]
[SourceVersionDate "2013.08.26"]
[SourceQuality "1"]

1. Nf3 Nf6 2. d4 d6 3. Bf4 Nc6 4. c3 Bg4 5. Nbd2 Nh5 6. Bg5 h6 7. Bh4 g5 8. Bg3 Nxg3 9. hxg3 e5 10. d5 Nb8 11. Qb3 Nd7 12. Qa4 Bxf3 13. gxf3 a6 14. c4 Qb8 15. e3 Bg7 16. Ne4 f5 17. Nc3 Qc8 18. Bh3 0-0 19. e4 g4 20. fxg4 Nc5 21. Qd1 fxe4 22. 0-0 Qe8 23. b4 Rf3 24. Rc1 Rd3 25. Qe2 Na4 26. Nxe4 Ra3 27. g5 Qg6 28. Be6+ Kh8 29. Kg2 hxg5 30. Qg4 Rf8 31. Rh1+ 1-0

[Event "Abakan Sayany op"]
[Site "Abakan"]
[Date "2013.08.03"]
[Round "2"]
[White "Lashkov, Andrey"]
[Black "Kostyleva, Alexandra"]
[Result "1-0"]
[WhiteElo "1789"]
[BlackElo "1883"]
[PlyCount "75"]
[EventDate "2013.08.02"]
[EventType "swiss"]
[EventRounds "9"]
[EventCountry "RUS"]
[SourceTitle "CBM 155 Extra"]
[Source "ChessBase"]
[SourceDate "2013.08.26"]
[SourceVersion "1"]
[SourceVersionDate "2013.08.26"]
[SourceQuality "1"]

1. Nf3 Nf6 2. c4 g6 3. d4 d6 4. Nc3 Bg7 5. Bf4 b6 6. h3 Bb7 7. e3 Nbd7 8. Be2 0-0 9. 0-0 Re8 10. Bh2 a6 11. Rc1 e5 12. d5 Nc5 13. Nd2 e4 14. b4 Ncd7 15. Nb3 Ne5 16. Nd4 Qe7 17. Qc2 Ned7 18. Qb1 h6 19. Bd1 Nh7 20. Nce2 Be5 21. Ba4 Bxh2+ 22. Kxh2 Nhf8 23. Bc6 Bxc6 24. Nxc6 Qg5 25. Nf4 f5 26. Nd4 Ne5 27. c5 bxc5 28. bxc5 Rab8 29. Qc2 Qf6 30. Qa4 g5 31. Nfe6 Nxe6 32. dxe6 Nd3 33. cxd6 Nxc1 34. d7 Rxe6 35. Qc4 Qe5+ 36. g3 Kf7 37. Nxe6 Qxe6 38. Qxc7 1-0

[Event "Khakasia-ch"]
[Site "Abakan"]
[Date "2013.02.28"]
[Round "7"]
[White "Lashkov, Andrey"]
[Black "Karachakov, Oyas"]
[Result "0-1"]
[WhiteElo "1789"]
[BlackElo "2170"]
[PlyCount "106"]
[EventDate "2013.02.22"]
[EventType "swiss"]
[EventRounds "9"]
[EventCountry "RUS"]
[SourceTitle "CBM 153 Extra"]
[Source "ChessBase"]
[SourceDate "2013.04.22"]
[SourceVersion "1"]
[SourceVersionDate "2013.04.22"]
[SourceQuality "1"]

1. Nf3 Nf6 2. c4 e6 3. g3 d5 4. Bg2 Be7 5. 0-0 0-0 6. b3 c5 7. cxd5 exd5 8. d4 Nc6 9. Bb2 Ne4 10. Nbd2 f5 11. Rc1 Bf6 12. Ba3 Nb4 13. Rxc5 Qb6 14. Nxe4 fxe4 15. Ne1 Be6 16. Nc2 Nxc2 17. Rxc2 Rfc8 18. Rxc8+ Rxc8 19. Bc5 Qc6 20. e3 Bd8 21. Qh5 Qd7 22. f3 Bf6 23. fxe4 b6 24. Ba3 dxe4 25. Bxe4 g6 26. Qf3 Bg7 27. d5 Bh3 28. Rf2 Bh6 29. Rc2 Rxc2 30. Bxc2 Qg7 31. g4 Qa1+ 32. Kf2 Qf1+ 33. Kg3 Bxe3 34. Qxf1 Bxf1 35. Kf3 Bg1 36. h4 Bb5 37. Be4 Kf7 38. h5 Be8 39. hxg6+ hxg6 40. Kf4 Bd4 41. d6 Ke6 42. Kg5 Be3+ 43. Kh4 Bf4 44. Bd3 g5+ 45. Kh3 Bxd6 46. Bf5+ Kd5 47. Bxd6 Kxd6 48. Kg3 Kc5 49. Be6 Kb4 50. a4 Bg6 51. Bf5 Bf7 52. Bc2 Bxb3 53. Bxb3 Kxb3 0-1

[Event "Khakasia-ch"]
[Site "Abakan"]
[Date "2013.02.26"]
[Round "5"]
[White "Lashkov, Andrey"]
[Black "Shoev, Kirill"]
[Result "0-1"]
[WhiteElo "1789"]
[BlackElo "2261"]
[PlyCount "108"]
[EventDate "2013.02.22"]
[EventType "swiss"]
[EventRounds "9"]
[EventCountry "RUS"]
[SourceTitle "CBM 153 Extra"]
[Source "ChessBase"]
[SourceDate "2013.04.22"]
[SourceVersion "1"]
[SourceVersionDate "2013.04.22"]
[SourceQuality "1"]

1. Nf3 Nf6 2. c4 g6 3. Nc3 Bg7 4. g3 0-0 5. Bg2 d6 6. d4 c5 7. 0-0 Nc6 8. d5 Na5 9. Nd2 Bf5 10. e4 Bd7 11. Qc2 a6 12. a4 Rb8 13. b3 b5 14. axb5 axb5 15. Bb2 bxc4 16. bxc4 Ng4 17. Nd1 Ne5 18. Bc3 Rb4 19. Nb2 Qb6 20. Rfb1 Nb3 21. Nxb3 Rxb3 22. Nd3 Rxc3 23. Qxc3 Qxb1+ 24. Rxb1 Nf3+ 25. Bxf3 Bxc3 26. Rb7 Bc8 27. Ra7 Bd4 28. Kg2 Re8 29. Nc1 Kf8 30. Nb3 Bc3 31. Na5 Bxa5 32. Rxa5 Bb7 33. Ra7 Rb8 34. Bd1 Ke8 35. Ba4+ Kd8 36. Bb5 Kc7 37. Kf3 Kb6 38. Ra3 Rf8 39. Rb3 Kc7 40. Ke3 Ra8 41. Kf3 f6 42. h3 Ra1 43. g4 Bc8 44. Kg3 Rc1 45. Ra3 Bb7 46. Kf3 Rb1 47. Ke3 Kb6 48. Ke2 Rh1 49. Kd2 h5 50. Ke2 Bc8 51. Rg3 h4 52. Rf3 Rxh3 53. Rxh3 Bxg4+ 54. Rf3 h3 0-1

[Event "Abaza op"]
[Site "Abaza"]
[Date "2011.07.18"]
[Round "3"]
[White "Sergeev, Ilya"]
[Black "Lashkov, Andrey"]
[Result "1-0"]
[WhiteElo "1951"]
[BlackElo "1815"]
[PlyCount "73"]
[EventDate "2011.07.16"]
[EventType "swiss"]
[EventRounds "9"]
[EventCountry "RUS"]
[SourceTitle "EXT 2012"]
[Source "ChessBase"]
[SourceDate "2011.11.24"]
[SourceVersion "1"]
[SourceVersionDate "2011.11.24"]
[SourceQuality "1"]

1. Nf3 Nf6 2. g3 d5 3. Bg2 c6 4. 0-0 Bf5 5. d3 e6 6. c4 Bd6 7. Be3 0-0 8. Qb3 Qc7 9. cxd5 Nxd5 10. Bd2 Bg6 11. Nc3 Na6 12. d4 Nab4 13. e4 Nxc3 14. Bxc3 Na6 15. Nh4 c5 16. Nxg6 cxd4 17. Nxf8 dxc3 18. Nxe6 fxe6 19. Qxe6+ Kh8 20. bxc3 Be5 21. Rad1 Nc5 22. Qc4 Re8 23. f4 Bf6 24. e5 Be7 25. Kh1 a6 26. a4 Qa5 27. Qf7 Qxa4 28. f5 Bg5 29. f6 gxf6 30. Rfe1 Rg8 31. Bd5 Ne6 32. Qxe6 Rf8 33. Qe7 Bh6 34. Be4 Rf7 35. Rd8+ Rf8 36. Rxf8+ Bxf8 37. Qxh7# 1-0

[Event "Abaza op"]
[Site "Abaza"]
[Date "2011.07.17"]
[Round "2"]
[White "Lashkov, Andrey"]
[Black "Bugaev, AI."]
[Result "0-1"]
[WhiteElo "1815"]
[BlackElo "1956"]
[PlyCount "148"]
[EventDate "2011.07.16"]
[EventType "swiss"]
[EventRounds "9"]
[EventCountry "RUS"]
[SourceTitle "EXT 2012"]
[Source "ChessBase"]
[SourceDate "2011.11.24"]
[SourceVersion "1"]
[SourceVersionDate "2011.11.24"]
[SourceQuality "1"]

1. d4 d5 2. c4 e5 3. dxe5 d4 4. Nf3 Nc6 5. Nbd2 Bb4 6. a3 Bxd2+ 7. Bxd2 Bg4 8. Bf4 Nge7 9. Qa4 0-0 10. h4 Ng6 11. Bg5 Qe8 12. Nh2 Bd7 13. Qb3 Qxe5 14. Nf3 Qa5+ 15. Bd2 Qb6 16. Qc2 Nce5 17. Ng5 d3 18. exd3 Ng4 19. c5 Rae8+ 20. Be2 Qc6 21. Ne4 f5 22. Ng3 Qxg2 23. 0-0-0 Qxf2 24. Bxg4 Qxg3 25. Rdg1 Qf2 26. Bh5 Bc6 27. Rf1 Qd4 28. Rhg1 Ba4 29. Qc3 Rd8 30. Bxg6 hxg6 31. Rxg6 Rf7 32. Rfg1 f4 33. Qxd4 Rxd4 34. Rxg7+ Rxg7 35. Rxg7+ Kxg7 36. Bc3 Kg6 37. Bxd4 c6 38. Kd2 Bb3 39. Ke2 a5 40. Kf3 Kf5 41. Bf2 Bd1+ 42. Kg2 a4 43. Bd4 Be2 44. Kf2 Bxd3 45. h5 Kg5 46. Kf3 Bc4 47. Ke4 Bd5+ 48. Ke5 f3 49. Kd6 Kxh5 50. Kc7 Kg4 51. Kxb7 Kg3 52. Ka6 Bc4+ 53. Ka5 Bb5 54. Kb4 f2 55. Bxf2+ Kxf2 56. b3 axb3 57. Kxb3 Ke3 58. a4 Ba6 59. Kb4 Kd4 60. Ka5 Be2 61. Kb6 Kd5 62. a5 Bc4 63. a6 Bxa6 64. Kxa6 Kxc5 65. Ka5 Kc4 66. Ka4 Kc3 67. Ka3 c5 68. Ka2 Kc2 69. Ka3 c4 70. Ka2 Kc1 71. Ka3 c3 72. Ka2 c2 73. Ka1 Kd2 74. Ka2 c1Q 0-1